000 00415nam a2200169Ia 4500
008 230524s9999 xx 000 0 und d
020 _a8185749469
082 _a621.402
_bKUM
100 _aD.S.Kumar
245 0 _aThermal science and Engineering
250 _a2ND
260 _aNEW DELHI
_bS.K.Kataria
_c2005
300 _aXIV;455
500 _aQuantity Number: 115
650 _aThermodynamics
942 _cBK
999 _c26012
_d26012